[Event "Qatar Masters Open 2023"]
[Site "Doha QAT"]
[Date "2023.10.20"]
[Round "9.50"]
[White "Mohammad, Nubairshah Shaikh"]
[Black "Bakhrillaev, Bakhrom"]
[Result "1-0"]
[WhiteTitle "IM"]
[BlackTitle "FM"]
[WhiteElo "2432"]
[BlackElo "2302"]
[WhiteFideId "5053196"]
[BlackFideId "14212285"]
[EventDate "2023.10.11"]

1. Nf3 Nf6 2. g3 g6 3. b3 Bg7 4. Bb2 O-O 5. Bg2 c5 6. c4 Nc6 7. O-O d5 8. cxd5
Nxd5 9. Bxg7 Kxg7 10. d4 cxd4 11. Nxd4 Nxd4 12. Qxd4+ Nf6 13. Qe5 Qd6 14. Qxd6
exd6 15. Rd1 Rd8 16. Nc3 Kf8 17. Rac1 a6 18. Nd5 Nxd5 19. Bxd5 Rd7 20. Rc3 Ke7
21. Rd4 Kd8 22. g4 Re7 23. Bf3 Re6 24. g5 f5 25. Rcd3 Kc7 26. Rc4+ Kb6 27. Rb4+
Ka7 28. Rbd4 Re7 29. Rxd6 Be6 30. h4 Rae8 31. Kg2 Bc8 32. h5 f4 33. hxg6 hxg6
34. R3d4 Bf5 35. Rxf4 Re5 36. Rd5 Rxd5 37. Bxd5 Re5 38. e4 Bc8 39. Rf8 Rxg5+ 40.
Kh2 Rh5+ 41. Kg3 Bd7 42. Rf7 Bc8 43. Rg7 g5 44. f3 Kb6 45. a3 a5 46. a4 Ka7 47.
Kg2 Bh3+ 48. Kf2 Bc8 49. Ke3 Kb6 50. Bf7 Rh3 51. Rg6+ Kc5 52. Rxg5+ Kd6 53. Bc4
b6 54. Rg7 Rh1 55. Kf4 Rh5 56. e5+ Kc6 57. Rf7 Bh3 58. Ke4 Rh4+ 59. f4 Rh8 60.
e6 Kd6 61. Rd7+ Kc5 62. f5 Rh4+ 63. Ke5 Rh5 64. Rf7 Bg2 65. Rc7+ Kb4 66. e7 Rh8
67. Bf7 1-0

[Event "Qatar Masters Open 2023"]
[Site "Doha QAT"]
[Date "2023.10.20"]
[Round "9.51"]
[White "Haldorsen, Benjamin"]
[Black "Rakhmatullaev, Almas"]
[Result "1-0"]
[WhiteTitle "IM"]
[BlackTitle "IM"]
[WhiteElo "2454"]
[BlackElo "2389"]
[WhiteFideId "1512633"]
[BlackFideId "14205793"]
[EventDate "2023.10.11"]

1. e4 e5 2. Nf3 Nf6 3. Nxe5 d6 4. Nd3 Nxe4 5. Qe2 Qe7 6. Nf4 c6 7. d4 d5 8. f3
Nd6 9. c3 Nd7 10. Na3 Nf6 11. g4 h5 12. g5 Ng8 13. Nc2 Bd7 14. Nd3 O-O-O 15. Bf4
Re8 16. Qxe7 Bxe7 17. Kf2 f6 18. h4 fxg5 19. hxg5 Rf8 20. Re1 Nf7 21. Ne5 Nxe5
22. Bxe5 Bxg5 23. Bxg7 Nf6 24. Bxh8 Rxh8 25. Bd3 h4 26. Reg1 Bf4 27. Ne3 Bg3+
28. Kf1 Nh5 29. Nf5 Re8 30. Nxh4 Nf4 31. Rxg3 Nxd3 32. Ng2 Nxb2 33. Rh5 Nc4 34.
Rhg5 Kc7 35. Rg8 Re6 36. R3g6 Nd2+ 37. Kf2 Rxg6 38. Rxg6 Nb1 39. Nf4 Nxc3 40.
Ne6+ Kb6 41. Nc5 Bc8 42. Rg8 Kc7 43. Rg7+ Kb8 44. a4 a5 45. Ke3 b5 46. Nb3 bxa4
47. Nxa5 Nb5 48. Nxc6+ Ka8 49. Nb4 a3 50. Nxd5 Bf5 51. Nb4 Nc3 52. Rg1 Kb7 53.
Rc1 Nb5 54. Kf4 Bh7 55. Ke5 Kb6 56. d5 Ka5 57. Nc6+ Ka4 58. Rc4+ Kb3 59. Rb4+ 1-0

[Event "Qatar Masters Open 2023"]
[Site "Doha QAT"]
[Date "2023.10.20"]
[Round "9.52"]
[White "Lagunow, Raphael"]
[Black "Ostrovskiy, Aleksandr"]
[Result "0-1"]
[WhiteTitle "IM"]
[BlackTitle "IM"]
[WhiteElo "2425"]
[BlackElo "2385"]
[WhiteFideId "24652644"]
[BlackFideId "2034239"]
[EventDate "2023.10.11"]

1. e4 e5 2. Nf3 Nc6 3. Nc3 Nf6 4. d4 exd4 5. Nxd4 Nxe4 6. Nxe4 Qe7 7. Bd3 Nxd4
8. O-O Ne6 9. Bc4 d6 10. Re1 h6 11. b4 Bd7 12. f4 O-O-O 13. f5 Bc6 14. Nf2 Qf6
15. fxe6 Qxa1 16. b5 Be8 17. exf7 Bd7 18. Qf3 Qf6 19. Qxf6 gxf6 20. Bb2 Bg7 21.
Ne4 Rdf8 22. Nxf6 Bxf6 23. Bxf6 Rh7 24. Re7 c6 25. bxc6 bxc6 26. a4 d5 27. Ba6+
Kc7 28. Be5+ Kd8 29. Bf6 Kc7 30. Be5+ Kb6 31. Rxd7 Kxa6 32. Rd6 Kb7 33. Rd7+ Ka6
34. Rd6 Rhxf7 35. h4 Re8 36. Bd4 Re1+ 37. Kh2 Re4 38. c3 Rxh4+ 39. Kg3 Rh5 40.
Rxc6+ Ka5 41. Kg4 Rg5+ 42. Kh3 h5 43. c4 Rd7 44. g3 Rf5 45. Kg2 Kb4 46. cxd5
Rfxd5 47. Bf2 a5 48. Rc1 Rd2 49. Rb1+ Kxa4 50. Ra1+ Kb3 51. Rxa5 Rf7 52. g4
Rfxf2+ 53. Kg3 Rg2+ 54. Kh4 Rxg4+ 55. Kh3 Rd3+ 56. Kh2 Rc4 57. Rb5+ Ka2 0-1

[Event "Qatar Masters Open 2023"]
[Site "Doha QAT"]
[Date "2023.10.20"]
[Round "9.53"]
[White "Nitin, S."]
[Black "Kushagra, Mohan"]
[Result "1-0"]
[WhiteTitle "IM"]
[BlackTitle "IM"]
[WhiteElo "2373"]
[BlackElo "2412"]
[WhiteFideId "5018277"]
[BlackFideId "25033638"]
[EventDate "2023.10.11"]

1. e4 e5 2. Nf3 Nc6 3. Nc3 Nf6 4. Bb5 Nd4 5. O-O c6 6. Ba4 b5 7. Bb3 a5 8. Nxe5
Qe7 9. Nf3 Nxf3+ 10. Qxf3 a4 11. e5 Qxe5 12. d4 Qh5 13. Re1+ Be7 14. Qg3 Qg6 15.
Qe5 Ng8 16. Nxb5 cxb5 17. Bd5 Ra7 18. Bf4 Kd8 19. Qb8 Qa6 20. c4 b4 21. c5 Nf6
22. Bf3 Re8 23. Qb6+ Qxb6 24. cxb6 Rb7 25. Rac1 Bd6 26. Rxc8+ Kxc8 27. Rc1+ Bc7
28. Bxb7+ Kxb7 29. bxc7 Nd5 30. Bg3 b3 31. axb3 axb3 32. Kf1 Rc8 33. Rc4 Nxc7
34. Rb4+ Kc6 35. Rc4+ Kb7 36. Rxc7+ Rxc7 37. Bxc7 Kxc7 38. Ke2 Kc6 39. Kd3 Kd5
40. f3 f5 41. Kc3 g5 42. Kd3 h5 43. Kc3 g4 44. h4 g3 45. Kd3 f4 46. Kc3 Kc6 47.
Kxb3 Kb5 48. d5 Kc5 49. Kc3 Kxd5 50. b4 Kc6 51. Kc4 Kb6 52. b5 Kb7 53. Kc5 Kc7
54. b6+ Kb7 55. Kb5 d6 56. Ka5 1-0

[Event "Qatar Masters Open 2023"]
[Site "Doha QAT"]
[Date "2023.10.20"]
[Round "9.54"]
[White "Panesar, Vedant"]
[Black "Msellek, Ilyass"]
[Result "1/2-1/2"]
[WhiteTitle "FM"]
[BlackTitle "IM"]
[WhiteElo "2372"]
[BlackElo "2411"]
[WhiteFideId "35033018"]
[BlackFideId "675938"]
[EventDate "2023.10.11"]

1. e4 c5 2. Nf3 e6 3. d4 cxd4 4. Nxd4 Nf6 5. Nc3 Nc6 6. Nxc6 bxc6 7. e5 Nd5 8.
Ne4 Qc7 9. f4 Rb8 10. c4 Bb4+ 11. Ke2 O-O 12. a3 Ba5 13. cxd5 cxd5 14. Ng5 d6
15. exd6 Qxd6 16. b4 Bb6 17. Qd3 g6 18. Be3 e5 19. Bxb6 Rxb6 20. Qd2 e4 21. Ke3
h6 22. h4 hxg5 23. hxg5 d4+ 24. Qxd4 Qxd4+ 25. Kxd4 Rd8+ 26. Ke3 Rc6 27. Be2
Rc3+ 28. Kf2 Rc2 29. Rhc1 Rdd2 30. Rxc2 Rxc2 1/2-1/2

[Event "Qatar Masters Open 2023"]
[Site "Doha QAT"]
[Date "2023.10.20"]
[Round "9.55"]
[White "Hari, Madhavan N B"]
[Black "Nurmanova, Alua"]
[Result "0-1"]
[WhiteTitle "IM"]
[BlackTitle "WIM"]
[WhiteElo "2408"]
[BlackElo "2347"]
[WhiteFideId "25054309"]
[BlackFideId "13729390"]
[EventDate "2023.10.11"]

1. e4 c5 2. Nf3 d6 3. Bb5+ Bd7 4. Bxd7+ Nxd7 5. O-O Ngf6 6. Qe2 e6 7. d4 cxd4 8.
Nxd4 a6 9. c4 Rc8 10. b3 Be7 11. Bb2 Qb6 12. Kh1 h5 13. Nd2 h4 14. f4 Nh5 15.
Qe3 e5 16. Nf5 Qxe3 17. Nxe3 Nxf4 18. Nf5 Bf8 19. Rad1 Nc5 20. Nf3 Nxe4 21. Rde1
Nc5 22. Nxd6+ Bxd6 23. Bxe5 Bxe5 24. Nxe5 Nce6 0-1

[Event "Qatar Masters Open 2023"]
[Site "Doha QAT"]
[Date "2023.10.20"]
[Round "9.56"]
[White "Song, Yuxin"]
[Black "Tissir, Mohamed"]
[Result "1/2-1/2"]
[WhiteTitle "WIM"]
[BlackTitle "IM"]
[WhiteElo "2404"]
[BlackElo "2344"]
[WhiteFideId "8614300"]
[BlackFideId "9000240"]
[EventDate "2023.10.11"]

1. e4 c5 2. Nf3 e6 3. d4 cxd4 4. Nxd4 Nc6 5. Nc3 d6 6. g4 Nge7 7. Be3 a6 8. Nb3
b5 9. f4 Bb7 10. Qd2 Na5 11. Nxa5 Qxa5 12. Qf2 Qc7 13. a3 Nc6 14. h4 Rc8 15. Bg2
Be7 16. g5 h6 17. O-O hxg5 18. hxg5 g6 19. Bf3 Bd8 20. Qg3 Na5 21. Bd4 Rh7 22.
Kg2 Nc4 23. Rh1 Rxh1 24. Rxh1 e5 25. Rh8+ Ke7 26. Bf2 Nxb2 27. fxe5 dxe5 28. Bg4
Qxc3 29. Bxc8 Qxg3+ 30. Bxg3 Bxc8 31. Bxe5 Kd7 32. Bxb2 Bb7 33. Kf3 Bxg5 34. Kg4
Be7 35. Kf4 a5 36. Bc3 Bxa3 37. Bxa5 Be7 38. c3 Bc6 39. Bb4 Bf6 40. Rh1 Ke6 41.
Ra1 Be5+ 42. Ke3 f5 43. Ra6 Kd7 44. Ra7+ Ke6 45. Ra6 Kd7 46. exf5 gxf5 47. Kd3
Be4+ 48. Ke3 Bc6 49. Ke2 Be4 50. Kf2 Bd5 51. Ra7+ Ke6 52. Ra6+ Kd7 53. Ra7+ 1/2-1/2

[Event "Qatar Masters Open 2023"]
[Site "Doha QAT"]
[Date "2023.10.20"]
[Round "9.57"]
[White "Dushyant, Sharma"]
[Black "Garv, Gaur"]
[Result "1-0"]
[WhiteTitle "IM"]
[BlackTitle "FM"]
[WhiteElo "2339"]
[BlackElo "2401"]
[WhiteFideId "25065130"]
[BlackFideId "45030839"]
[EventDate "2023.10.11"]

1. e4 c6 2. d4 d5 3. f3 e6 4. Nc3 Bb4 5. Bd2 Nf6 6. e5 Ng8 7. f4 Ne7 8. Bd3 Ba5
9. Nf3 a6 10. a3 Bxc3 11. Bxc3 b6 12. b4 c5 13. bxc5 bxc5 14. Qd2 c4 15. Be2 a5
16. Rb1 Nbc6 17. O-O Qc7 18. Rb5 Bd7 19. Rfb1 Ra7 20. Qe1 O-O 21. Qh4 Ng6 22.
Qg3 Nce7 23. Rc5 Qd8 24. Bd2 Ba4 25. Bd1 Qa8 26. Qh3 Rb8 27. Rc1 Rc8 28. Ng5 h6
29. Nxe6 fxe6 30. Qxe6+ Kh8 31. Rxc8+ Qxc8 32. Qxc8+ Nxc8 33. f5 Nge7 34. g4 Nc6
35. Bc3 Ra6 36. Bf3 N6e7 37. Kf2 Na7 38. Ke3 Nb5 39. Kd2 Nxc3 40. Kxc3 Rb6 41.
Re1 Kg8 42. h4 Kf7 43. Rf1 Bc6 44. g5 hxg5 45. Bh5+ g6 46. fxg6+ Kg8 47. Bg4 Be8
48. h5 Kg7 49. h6+ Kxg6 50. Rf8 Ba4 51. h7 Kxh7 52. Rf7+ Kg8 53. Rxe7 Kf8 54.
Ra7 1-0

[Event "Qatar Masters Open 2023"]
[Site "Doha QAT"]
[Date "2023.10.20"]
[Round "9.58"]
[White "Manish Anto, Cristiano F"]
[Black "Arhan, Chethan Anand"]
[Result "1-0"]
[WhiteTitle "IM"]
[BlackTitle "FM"]
[WhiteElo "2368"]
[BlackElo "2395"]
[WhiteFideId "25095927"]
[BlackFideId "45062510"]
[EventDate "2023.10.11"]

1. e4 c5 2. Nf3 d6 3. d4 cxd4 4. Nxd4 Nf6 5. Nc3 Nc6 6. Bg5 e6 7. Qd2 a6 8.
O-O-O Bd7 9. f4 Be7 10. Nf3 b5 11. Bxf6 gxf6 12. f5 Qb6 13. Kb1 O-O-O 14. g3 Kb8
15. Bh3 Bc8 16. Rhe1 h5 17. fxe6 fxe6 18. Qg2 Ne5 19. Nd4 Ng4 20. Qg1 Rde8 21.
a4 b4 22. a5 Qb7 23. Na4 Bd8 24. Nb3 Qc6 25. Nb6 Bxb6 26. axb6 Ne5 27. Bg2 h4
28. Qd4 hxg3 29. hxg3 Rh2 30. Re2 Rg8 31. Qxb4 Bd7 32. Bf1 Rh1 33. Red2 Nf7 34.
Na5 Qa4 35. Qxa4 Bxa4 36. Bxa6 Rxd1+ 37. Rxd1 Rxg3 38. Rd4 Bd7 39. Rc4 Ne5 40.
Rc7 Rg7 41. Rb7+ Kc8 42. Ra7+ Kd8 43. Ra8+ Ke7 44. b7 Rg1+ 45. Ka2 Nc6 46. Nxc6+ 1-0

[Event "Qatar Masters Open 2023"]
[Site "Doha QAT"]
[Date "2023.10.20"]
[Round "9.59"]
[White "Senthil, Maran K"]
[Black "Bai, Adelard"]
[Result "1-0"]
[WhiteTitle "FM"]
[BlackTitle "FM"]
[WhiteElo "2298"]
[BlackElo "2395"]
[WhiteFideId "25035681"]
[BlackFideId "16301188"]
[EventDate "2023.10.11"]

1. Nf3 Nf6 2. g3 d5 3. d4 c5 4. c4 dxc4 5. Qa4+ Bd7 6. Qxc4 cxd4 7. Bg2 Nc6 8.
Nxd4 Rc8 9. O-O e6 10. Nc3 Nb4 11. Qb3 e5 12. Nf3 Be6 13. Qa4+ Bd7 14. Qb3 Be6
15. Qa4+ Bd7 16. Qd1 Nc6 17. Nb5 Qe7 18. Be3 a6 19. Nc3 Be6 20. Ng5 Ng4 21. Nxe6
Qxe6 22. Qa4 Nxe3 23. fxe3 f6 24. Bd5 Qd6 25. Rad1 Qb4 26. Qc2 Qb6 27. Be6 Rd8
28. Nd5 Qa5 29. Qf5 Be7 30. Qh5+ g6 31. Qh6 Rd6 32. Nxf6+ Bxf6 33. Rxd6 Ke7 34.
Rfd1 Qc5 35. Rd7+ Kxe6 36. Qh3# 1-0

[Event "Qatar Masters Open 2023"]
[Site "Doha QAT"]
[Date "2023.10.20"]
[Round "9.60"]
[White "Peng, Hongchi"]
[Black "Nandhidhaa, P V"]
[Result "1-0"]
[BlackTitle "WGM"]
[WhiteElo "2395"]
[BlackElo "2260"]
[WhiteFideId "8609047"]
[BlackFideId "5050847"]
[EventDate "2023.10.11"]

1. d4 Nf6 2. c4 e6 3. Nf3 d5 4. g3 Bb4+ 5. Bd2 Be7 6. Bg2 O-O 7. Qc2 c6 8. O-O
Ne4 9. Bf4 f5 10. Ne5 Nd7 11. f3 Nxe5 12. Bxe5 Nd6 13. Nd2 Nf7 14. Bf4 Bf6 15.
Nb3 Nd6 16. c5 Nf7 17. e4 dxe4 18. fxe4 Bxd4+ 19. Nxd4 Qxd4+ 20. Kh1 Qf6 21. Bd2
Qg6 22. Rae1 Nh6 23. Qb3 Rf7 24. Bxh6 gxh6 25. exf5 Rxf5 26. Qd1 Rd5 27. Bxd5
exd5 28. Qf3 Bg4 29. Qf6 Qxf6 30. Rxf6 Rf8 31. Rxf8+ Kxf8 32. Kg2 Kf7 33. Kf2
Bf5 34. Ke3 Be4 35. Kd4 h5 36. Ke5 Ke7 37. Rf1 Bg6 38. Rf3 Kd7 39. Rf8 Kc7 40.
Rg8 a6 41. Kd4 Kd7 42. Ke5 Kc7 43. Rg7+ Kb8 44. Kd6 a5 45. Ke5 Ka7 46. Kd4 Ka6
47. Re7 Bf5 48. Re3 Bb1 49. Re8 Ka7 50. Re5 Bg6 51. Re7 Bf5 52. Kc3 Ka6 53. Rc7
Kb5 54. Rxb7+ Kxc5 55. b4+ axb4+ 56. Rxb4 Kd6 57. a4 Bg4 58. a5 Be2 59. Kd2 Bb5
60. Rh4 c5 61. Rxh5 d4 62. a6 Bc6 63. a7 Be4 64. Rh4 Bg2 65. Rxh7 c4 66. Rh8 c3+
67. Kd3 1-0

[Event "Qatar Masters Open 2023"]
[Site "Doha QAT"]
[Date "2023.10.20"]
[Round "9.61"]
[White "Mammadova, Gulnar"]
[Black "Stearman, Josiah"]
[Result "1-0"]
[WhiteTitle "IM"]
[BlackTitle "IM"]
[WhiteElo "2346"]
[BlackElo "2476"]
[WhiteFideId "13403508"]
[BlackFideId "2062496"]
[EventDate "2023.10.11"]

1. e4 c5 2. Nf3 d6 3. Bb5+ Nd7 4. O-O a6 5. Bd3 Ngf6 6. Re1 e6 7. c3 b5 8. a4 c4
9. Bc2 Bb7 10. axb5 axb5 11. Rxa8 Qxa8 12. d3 d5 13. e5 Ng8 14. d4 b4 15. cxb4
Bxb4 16. Nc3 Ne7 17. Bd2 Qa5 18. Ng5 h6 19. Qh5 g6 20. Qh3 Bc6 21. Nf3 Nf8 22.
Qh4 g5 23. Qh5 Nfg6 24. h4 Nf4 25. Qg4 Qb6 26. hxg5 hxg5 27. Nxg5 Nd3 28. Bxd3
cxd3 29. Qf3 Qxd4 30. Qxf7+ Kd7 31. Qxe6+ Kc7 32. Qxe7+ Kb8 33. Qc7+ 1-0

[Event "Qatar Masters Open 2023"]
[Site "Doha QAT"]
[Date "2023.10.20"]
[Round "9.62"]
[White "Nitish, Belurkar"]
[Black "Savitha, Shri B"]
[Result "1-0"]
[WhiteTitle "IM"]
[BlackTitle "WGM"]
[WhiteElo "2451"]
[BlackElo "2375"]
[WhiteFideId "5084768"]
[BlackFideId "35061887"]
[EventDate "2023.10.11"]

1. e4 c5 2. Nf3 e6 3. d4 cxd4 4. Nxd4 Nc6 5. Nc3 Qc7 6. g3 a6 7. Bg2 Nf6 8. O-O
Be7 9. Re1 Nxd4 10. Qxd4 d6 11. a4 O-O 12. a5 e5 13. Qd3 Be6 14. Be3 Rac8 15. h3
Nd7 16. Qd1 h6 17. Bf1 Nf6 18. Bg2 Nd7 19. Re2 Nc5 20. Rd2 Rfd8 21. h4 b5 22.
axb6 Qxb6 23. b3 Qb7 24. Nd5 Bxd5 25. Rxd5 Rc6 26. Qg4 Kf8 27. Bf1 Nd7 28. Rd2
Nf6 29. Qf3 Rc3 30. Ra4 a5 31. Bd3 d5 32. exd5 Qxd5 33. Qd1 Qc6 34. Rxa5 Rd5 35.
Ra6 Qc8 36. Qa1 Bd8 37. Ra8 Qc7 38. Bc4 Rxe3 39. Bxd5 Qb6 40. Rxd8+ Qxd8 41.
Qa3+ Kg8 42. Bxf7+ 1-0

[Event "Qatar Masters Open 2023"]
[Site "Doha QAT"]
[Date "2023.10.20"]
[Round "9.63"]
[White "Venkatesh, M.R."]
[Black "Audi, Ameya"]
[Result "1-0"]
[WhiteTitle "GM"]
[BlackTitle "IM"]
[WhiteElo "2428"]
[BlackElo "2372"]
[WhiteFideId "5005779"]
[BlackFideId "25034430"]
[EventDate "2023.10.11"]

1. b3 Nf6 2. Bb2 g6 3. g3 Bg7 4. Bg2 d6 5. d4 c5 6. Nf3 cxd4 7. Nxd4 d5 8. c4
dxc4 9. bxc4 Qb6 10. Qb3 Nfd7 11. Nb5 Nc5 12. Qa3 Bxb2 13. Qxb2 O-O 14. a4 a6
15. a5 Qe6 16. Qa3 Qxc4 17. N5c3 Rd8 18. O-O Nc6 19. Nd5 Rxd5 20. Rc1 Qxc1+ 21.
Qxc1 Nb3 22. Qe1 Rc5 23. Nd2 Nxa1 24. Qxa1 Be6 25. h4 Rd8 26. Ne4 Rxa5 27. Qc3
Rb5 28. Ng5 Rd1+ 29. Kh2 Bd7 30. Be4 Ne5 31. Qc7 h6 32. Nf3 Bc6 33. Nxe5 Bxe4
34. f3 Rb2 35. fxe4 Rxe2+ 36. Kh3 Rh1+ 37. Kg4 Rxe4+ 38. Kf3 Rhe1 39. Qc8+ Kg7
40. Nd7 R4e3+ 41. Kf2 R3e2+ 42. Kf3 Re3+ 43. Kf2 g5 44. Qf8+ Kg6 45. Qg8+ Kf5
46. Qxf7+ Kg4 47. Ne5+ Rxe5 48. Qf3+ Kh3 49. g4+ Kh2 50. Qg2# 1-0

[Event "Qatar Masters Open 2023"]
[Site "Doha QAT"]
[Date "2023.10.20"]
[Round "9.64"]
[White "Aziz, Husain"]
[Black "Viani, Antonio Dcunha"]
[Result "0-1"]
[WhiteTitle "IM"]
[BlackTitle "IM"]
[WhiteElo "2328"]
[BlackElo "2410"]
[WhiteFideId "12100293"]
[BlackFideId "5027330"]
[EventDate "2023.10.11"]

1. e4 c5 2. Nf3 d6 3. d4 cxd4 4. Qxd4 Nc6 5. Bb5 Bd7 6. Qd3 g6 7. c4 Bg7 8. Nc3
Nf6 9. h3 O-O 10. O-O Rc8 11. Be3 a6 12. Bxc6 Bxc6 13. Rac1 Qa5 14. Nd4 Nd7 15.
Qd2 Nc5 16. f3 Rfd8 17. Rfd1 Ne6 18. Nb3 Qh5 19. Nd5 Re8 20. Na5 g5 21. b4 Be5
22. c5 dxc5 23. bxc5 Qg6 24. Nc4 Bb8 25. Qc3 f6 26. Qb3 Kf7 27. Bf2 h5 28. Nce3
g4 29. hxg4 hxg4 30. Nxg4 Rh8 31. Be3 Qh5 32. Nf4 Bxf4 33. Bxf4 Rcg8 34. Bg3
Bxe4 35. Kf2 Rxg4 36. fxg4 Qxg4 37. Re1 Qf5+ 38. Kg1 Rh1+ 0-1

[Event "Qatar Masters Open 2023"]
[Site "Doha QAT"]
[Date "2023.10.20"]
[Round "9.65"]
[White "Enkhtuul, Altan-Ulzii"]
[Black "Ilamparthi, A R"]
[Result "0-1"]
[WhiteTitle "WGM"]
[BlackTitle "IM"]
[WhiteElo "2231"]
[BlackElo "2387"]
[WhiteFideId "4901444"]
[BlackFideId "45015775"]
[EventDate "2023.10.11"]

1. d4 f5 2. Nc3 Nf6 3. Bg5 d5 4. Bxf6 exf6 5. e3 Be6 6. Bd3 Nc6 7. a3 Qd7 8.
Nge2 g5 9. b4 a5 10. b5 Ne7 11. Ng3 Ng6 12. Nh5 Qf7 13. f4 O-O-O 14. O-O Nh4 15.
b6 c5 16. Be2 Rg8 17. Na4 Bd7 18. Nxc5 Bxc5 19. dxc5 d4 20. Qe1 Bc6 21. Ng3 Nxg2
22. Qxa5 Nxe3 23. Bf3 Bxf3 24. Rxf3 Qd5 25. Qa8+ Kd7 26. Qa4+ Ke7 27. Rxe3+ dxe3
28. Qb4 gxf4 29. Qxf4 Qe5 30. Rf1 Qxf4 31. Rxf4 Rd1+ 32. Rf1 e2 0-1

[Event "Qatar Masters Open 2023"]
[Site "Doha QAT"]
[Date "2023.10.20"]
[Round "9.66"]
[White "Pham Tran Gia Phuc"]
[Black "Laddha, Shubh Jayesh"]
[Result "1/2-1/2"]
[WhiteTitle "FM"]
[BlackTitle "FM"]
[WhiteElo "2384"]
[BlackElo "2373"]
[WhiteFideId "12415669"]
[BlackFideId "30942799"]
[EventDate "2023.10.11"]

1. d4 d5 2. Bf4 Nf6 3. Nf3 c5 4. e3 e6 5. c3 Bd6 6. Bd3 O-O 7. Nbd2 b6 8. Ne5
Qc7 9. Qe2 Bb7 10. Bg3 Nbd7 11. Ndf3 Ne4 12. Nxd7 Qxd7 13. Bxd6 Qxd6 14. O-O Qe7
15. a4 a5 16. Rfe1 Ng5 17. Nd2 Rac8 18. Rad1 Bc6 19. dxc5 Qxc5 20. f4 Ne4 21.
Nxe4 dxe4 22. Bc2 Rfd8 23. Rd4 Rxd4 24. exd4 Qd6 25. Bxe4 Bxa4 26. Qf3 Bc6 27.
f5 Bxe4 28. Qxe4 exf5 29. Qxf5 Rd8 30. Qb5 g6 31. Qe5 Qd7 32. Qe7 Qxe7 33. Rxe7
Rd5 34. Rb7 Rb5 35. c4 Rb4 36. b3 a4 37. bxa4 1/2-1/2

[Event "Qatar Masters Open 2023"]
[Site "Doha QAT"]
[Date "2023.10.20"]
[Round "9.67"]
[White "Karthik, Rajaa"]
[Black "Begmuratov, Khumoyun"]
[Result "0-1"]
[WhiteTitle "FM"]
[BlackTitle "FM"]
[WhiteElo "2309"]
[BlackElo "2374"]
[WhiteFideId "25035215"]
[BlackFideId "14210207"]
[EventDate "2023.10.11"]

1. Nf3 Nf6 2. c4 e6 3. g3 b6 4. Bg2 Bb7 5. O-O Be7 6. Nc3 O-O 7. Re1 d5 8. cxd5
exd5 9. d4 Re8 10. Bf4 Bd6 11. Bg5 Nbd7 12. Bh3 Be7 13. Qb3 c6 14. Rad1 h6 15.
Bxf6 Nxf6 16. Ne5 Bd6 17. f4 c5 18. e3 c4 19. Qc2 a6 20. a3 b5 21. Bf5 Qb6 22.
g4 Rad8 23. h4 Bxe5 24. fxe5 Nd7 25. Qf2 f6 26. exf6 Qxf6 27. Bxd7 Qxf2+ 28.
Kxf2 Rxd7 29. Rg1 Bc6 30. g5 Rf7+ 31. Ke2 h5 32. g6 Rfe7 33. e4 a5 34. e5 b4 35.
axb4 axb4 36. Na2 Rb8 37. Kd2 Ra7 38. Nc1 Ra1 39. Rde1 Ba4 40. Ke3 Bc2 41. Nd3
Rxe1+ 42. Nxe1 Bf5 43. Rg2 Be4 44. Rf2 Bxg6 45. Ng2 c3 46. Nf4 Be4 47. bxc3 bxc3
48. Nd3 g5 49. hxg5 h4 50. Rh2 c2 51. Nc1 Rf8 52. Rf2 h3 0-1

[Event "Qatar Masters Open 2023"]
[Site "Doha QAT"]
[Date "2023.10.20"]
[Round "9.68"]
[White "Seemann, Jakub"]
[Black "Avinash, Ramesh"]
[Result "1/2-1/2"]
[WhiteTitle "IM"]
[BlackTitle "IM"]
[WhiteElo "2431"]
[BlackElo "2286"]
[WhiteFideId "21874697"]
[BlackFideId "45018340"]
[EventDate "2023.10.11"]

1. c4 c5 2. Nf3 Nc6 3. d4 cxd4 4. Nxd4 g6 5. e4 Nf6 6. Nc3 Bg7 7. Be3 d6 8. Be2
O-O 9. O-O Bd7 10. h3 Nxd4 11. Bxd4 Bc6 12. Qc2 a5 13. Rad1 Nd7 14. Bxg7 Kxg7
15. Bg4 Ne5 16. c5 Nxg4 17. hxg4 Qc8 18. cxd6 Qxg4 19. dxe7 Rfe8 20. Nd5 Bxd5
21. Rxd5 Rxe7 22. Qc3+ f6 23. f3 Qf4 24. Rfd1 h5 25. Rd7 Rxd7 26. Rxd7+ Kh6 27.
Qc7 Qxc7 28. Rxc7 Rd8 29. Rxb7 Rd2 30. Rb5 a4 31. a3 g5 32. Rb6 Kg7 33. Kh2 h4
34. Kh3 Rf2 35. Rb4 Kg6 36. Rxa4 Rxb2 37. Ra6 Re2 38. a4 Re1 39. Kh2 g4 40. fxg4
Kg5 41. Re6 Ra1 42. e5 fxe5 43. Rxe5+ Kxg4 44. Ra5 Ra2 45. Ra8 h3 46. Rg8+ Kh4
47. Rh8+ Kg4 48. Rxh3 Rxa4 49. Rh8 Kg5 50. Kh3 Ra3+ 51. g3 Ra4 52. Rb8 Kg6 53.
g4 Ra7 54. Rb6+ Kg7 55. Kh4 Rc7 56. Kh5 Rc5+ 57. g5 Rc7 58. Rg6+ Kh7 59. Ra6 Kg7 1/2-1/2

[Event "Qatar Masters Open 2023"]
[Site "Doha QAT"]
[Date "2023.10.20"]
[Round "9.69"]
[White "Jin, Yueheng"]
[Black "Singh, Ojasva"]
[Result "1-0"]
[BlackTitle "FM"]
[WhiteElo "2398"]
[BlackElo "2324"]
[WhiteFideId "8616868"]
[BlackFideId "25681958"]
[EventDate "2023.10.11"]

1. d4 d5 2. c4 c6 3. Nf3 Nf6 4. g3 e6 5. Bg2 dxc4 6. Ne5 Bb4+ 7. Bd2 Be7 8. e3
b5 9. Nxc6 Nxc6 10. Bxc6+ Bd7 11. Bxa8 Qxa8 12. f3 e5 13. dxe5 Ng4 14. O-O Nxe5
15. Bc3 Nd3 16. Qe2 O-O 17. Bd4 Rd8 18. Nd2 Bh3 19. Rfd1 Rxd4 20. exd4 Qd8 21.
Nb3 Bf5 22. Kg2 Kf8 23. Nc5 Qxd4 24. Nxd3 cxd3 25. g4 Bg6 26. Qf2 Qd7 27. Qe3 h6
28. Rac1 b4 29. Re1 Bd6 30. Qd4 Kg8 31. Rc5 1-0

[Event "Qatar Masters Open 2023"]
[Site "Doha QAT"]
[Date "2023.10.20"]
[Round "9.70"]
[White "Akshat, Khamparia"]
[Black "Goh, Zi Han"]
[Result "0-1"]
[WhiteTitle "IM"]
[BlackTitle "FM"]
[WhiteElo "2393"]
[BlackElo "2334"]
[WhiteFideId "5016541"]
[BlackFideId "5819156"]
[EventDate "2023.10.11"]

1. d4 d5 2. c4 c6 3. Nf3 Nf6 4. e3 e6 5. Nbd2 c5 6. cxd5 exd5 7. b3 Nc6 8. Bb2
Be7 9. Be2 O-O 10. O-O Bf5 11. dxc5 Bxc5 12. Rc1 Bd6 13. Re1 h6 14. a3 a5 15.
Nf1 Qe7 16. Ng3 Bh7 17. Nh4 Qe6 18. Bb5 Rac8 19. Nf3 Qe7 20. Ra1 Rfd8 21. Nd4
Nxd4 22. Bxd4 Qe6 23. Qd2 Rc2 24. Qxa5 Rdc8 25. Re2 Bg6 26. Qe1 h5 27. Rxc2 Rxc2
28. Rc1 h4 29. Rxc2 Bxc2 30. Nf1 h3 31. f3 hxg2 32. Kxg2 Bxb3 33. Qh4 Bxa3 34.
Ng3 Bc4 35. Ba4 Bd3 36. Bb3 Be7 37. Qg5 Bg6 38. h4 Qd7 39. Bxf6 Bxf6 40. Qxd5
Qxd5 41. Bxd5 b5 42. e4 Bxh4 43. Ne2 Kf8 44. Nf4 Bh7 45. Kf1 Bg3 46. Nd3 Bd6 47.
Ke2 Bg6 48. Ke3 Ke7 49. Kd4 f6 50. Bc6 Be8 51. Bxe8 Kxe8 52. Kd5 Kd7 53. f4 g6
54. f5 g5 55. Nf2 b4 56. Kc4 Kc6 57. Ng4 Be7 58. Ne3 Kd6 59. Ng4 Kc6 60. Ne3 Kd7
61. Ng4 Kc7 62. Ne3 Kc6 63. Nd5 Kd6 64. Kd4 b3 65. Ne3 g4 66. Nc4+ Kc7 67. Ke3
Bd6 68. Kd3 g3 0-1